000 01310nam a2200181Ia 4500
008 151202s9999||||xx |||||||||||||| ||und||
082 _bPNVM-74352
100 _aबार्नबी ब्रेन्डा/अनु.जांभेकर हेमांगी.
245 _aआकर्षणाच्या नियमा पलीकडे -तुम्हाला जे हवे ते मिळवा आकर्षणाच्या शक्तीमधून.
260 _b"मंजुल पब्लिशिंग हाऊस प्रा.लि.,भोपाळ."
260 _c7435
300 _a196
600 _aबार्नबी ब्रेन्डा/अनु.जांभेकर हेमांगी.
630 _aआकर्षणाच्या नियमा पलीकडे -तुम्हाला जे हवे ते मिळवा आकर्षणाच्या शक्तीमधून.
700 _aबार्नबी ब्रेन्डा/अनु.जांभेकर हेमांगी.
730 _aआकर्षणाच्या नियमा पलीकडे -तुम्हाला जे हवे ते मिळवा आकर्षणाच्या शक्तीमधून.
942 _cBOOK
999 _c1341013
_d1341010